[Event "Belarus-ch Men 2022"]
[Site "Minsk"]
[Date "2022.01.13"]
[Round "3.6"]
[White "Lazavik, Denis"]
[Black "Runets, Ivan"]
[Result "1/2-1/2"]
[WhiteElo "2465"]
[BlackElo "2240"]
[Annotator "TA"]
[PlyCount "129"]
[EventDate "2022.01.09"]
[EventType "tourn"]
[EventCountry "BLR"]
[SourceTitle "playchess.com"]
[Source "ChessBase"]
[SourceQuality "1"]

{[%evp 23,129,33,35,42,28,34,42,40,46,23,27,31,34,30,39,35,101,98,97,12,75,1,87,69,75,12,7,0,0,0,20,25,20,25,31,17,23,-45,-47,-98,-42,-73,9,0,0,-108,-111,-102,-102,-129,-129,-129,0,0,0,-122,0,0,0,-123,-123,-123,-123,-142,-142,-142,-143,-143,-143,-143,-146,-146,-143,-142,-142,-128,-113,-112,-112,-112,-24,-25,-24,-24,0,0,0,0,0,0,0,0,0,0,0,0,0,0,0,0,0,0,0,0,0,0,0,0]} 1. d4 Nf6 2. c4 e6 3. g3 d5 4. Bg2 Be7 5. Nf3 O-O 6. O-O c6 7. b3 b6 8. Bb2 Bb7 9. Nc3 Nbd7 10. Qc2 c5 11. cxd5 Nxd5 12. Nxd5 Bxd5 13. e4 {[%cal Be2e4,Be4d5,Bd5d6][%mdl 32] E08: Closed Catalan: Main Line: 7 Qc2.} Bb7 14. d5 exd5 15. exd5 {[%cal Od5d6] White is slightly better.} Bf6 16. Rad1 Re8 17. d6 {[%cal Of3g5]} Be4 18. Qd2 {[#]} Bxb2 $146 ({Predecessor:} 18... b5 19. Rfe1 Rc8 20. Bxf6 Qxf6 21. Qe2 Re6 22. Qxb5 Rd8 23. Ng5 Qxg5 24. Bxe4 Nf6 {1-0 (42) Smejkal,J-Cuellar Gacharna,M Leningrad 1973}) 19. Qxb2 Qb8 (19... Rb8 $14) 20. Rfe1 $1 $16 Qb7 21. Re3 (21. Qe2 $16 Re6 22. Ng5 Bxg2 23. Nxe6) 21... Rad8 (21... Bc6 $11 {remains equal.} 22. Qe2 Rxe3 23. Qxe3 Be4) 22. b4 ({White should play} 22. Qe2 $16 Qa8 23. Re1) 22... Qb8 (22... h6 $11) 23. Qb3 {And now Ng5 would win. White is much more active.} h6 {Inhibits Ng5.} 24. Nh4 {Inhibits Bf5.} (24. Bh3 $16) 24... Bxg2 $11 25. Kxg2 Rxe3 26. Qxe3 Qb7+ 27. Kg1 cxb4 28. Nf5 Nf6 29. Rd4 {[%mdl 1024] To avoid Qe4. Black should prevent Rh4. White has compensation.} Qd7 30. Rf4 (30. Ne7+ $11 Kf8 31. Nc6 $1) 30... Qe6 $15 31. Qd4 (31. Ne7+ $15 Kf8 32. Qxe6 fxe6 33. Nc6 Rxd6 34. Nxa7) 31... Ne8 (31... Qxa2 32. Nxg7 $1 Qd5 33. Qxf6 $14) (31... Kh7 $17 32. h4 h5) 32. g4 Qe1+ ({Better is} 32... Kh7 $1 $17) 33. Kg2 $11 Qc3 34. Qe4 (34. Ne7+ $11 Kh8 35. Qd5 (35. d7 Nf6 $17) 35... Nxd6 36. Nc6) 34... Nxd6 $17 35. Nxd6 Rxd6 {[%mdl 4096] Endgame KQR-KQR} 36. Qa8+ Kh7 37. Qe4+ Kg8 (37... f5 $6 38. Qxf5+ Rg6 39. h4 $11) 38. Qa8+ $1 Kh7 39. Qe4+ Kg8 ({But not} 39... f5 $6 40. Qxf5+ Rg6 41. h4 $11) 40. Qe8+ Kh7 41. Qe4+ {[#]} Rg6 $1 ({Of course not} 41... f5 $6 42. Qxf5+ Rg6 43. h4 $11) 42. h4 {[#]} Qc6 $1 43. h5 {[%mdl 64] Pin} Qxe4+ 44. Rxe4 {KR-KR} Rg5 {...f5 is the strong threat.} 45. Rxb4 f5 46. f3 fxg4 47. fxg4 Kg8 48. Rf4 Rc5 49. a4 Rc7 50. Kg3 Rf7 {aiming for ...Rxf4.} 51. Rc4 {[%cal Oa4a5]} Kf8 ({Black should try} 51... a5 $17) 52. a5 bxa5 53. Ra4 Ke7 54. Rxa5 {The position is equal.} Kd6 55. g5 hxg5 56. Kg4 Kc6 57. Ra1 Rd7 58. Rc1+ Kb7 59. Rb1+ Kc6 60. Rc1+ Kb5 61. Rb1+ Kc4 {Threatens to win with ...a5.} 62. Ra1 Kb4 {Strongly threatening ...a5.} 63. Rb1+ Kc3 64. Ra1 Kb4 {White must now prevent ...a5.} 65. Rb1+ {Whites escaped into a draw.  Weighted Error Value: White=0.16 (very precise) /Black=0.19 (very precise)} 1/2-1/2

[Event "Belarus-ch Men 2022"]
[Site "Minsk"]
[Date "2022.01.13"]
[Round "4.1"]
[White "Tsaruk, Maksim"]
[Black "Runets, Ivan"]
[Result "1-0"]
[WhiteElo "2343"]
[BlackElo "2240"]
[Annotator "ChessBase"]
[PlyCount "101"]
[EventDate "2022.01.09"]
[EventType "tourn"]
[EventCountry "BLR"]
[SourceTitle "playchess.com"]
[Source "ChessBase"]
[SourceQuality "1"]
[TimeControl "40/5400+30:1800+30"]

1. e4 {[%emt 0:00:05]} e5 {[%emt 0:00:08]} 2. Nf3 {[%emt 0:00:19]} Nc6 {[%emt 0:00:05]} 3. Bb5 {[%emt 0:00:26]} a6 {[%emt 0:00:07]} 4. Ba4 {[%emt 0:00:07]} Nf6 {[%emt 0:00:07]} 5. O-O {[%emt 0:01:21]} Be7 {[%emt 0:00:06]} 6. Re1 {[%emt 0:00:32]} b5 {[%emt 0:00:07]} 7. Bb3 {[%emt 0:00:06]} d6 {[%emt 0:00:05]} 8. c3 {[%emt 0:00:32]} O-O {[%emt 0:00:09]} 9. h3 {[%emt 0:03:03]} Nb8 {[%emt 0:00:42]} 10. d4 {[%emt 0:00:28]} Nbd7 {[%emt 0:00:06]} 11. Nbd2 {[%emt 0:00:24]} c5 {[%emt 0:00:07]} 12. Nf1 {[%emt 0:01:31]} Re8 {[%emt 0:01:31]} 13. Ng3 {[%emt 0:00:23]} Bf8 {[%emt 0:07:43]} 14. Bc2 {[%emt 0:08:08]} Bb7 {[%emt 0:07:04]} 15. d5 {[%emt 0:00:28]} g6 {[%emt 0:08:27]} 16. Bg5 {[%emt 0:03:02]} c4 {[%emt 0:05:22]} 17. Qd2 {[%emt 0:05:15]} Nc5 {[%emt 0:07:36]} 18. b4 {[%emt 0:06:53]} cxb3 {[%emt 0:02:12]} 19. axb3 {[%emt 0:00:06]} Bg7 {[%emt 0:03:28]} 20. b4 {[%emt 0:08:20]} Ncd7 {[%emt 0:04:19]} 21. Bh6 {[%emt 0:22:04]} Bxh6 {[%emt 0:00:59]} 22. Qxh6 {[%emt 0:01:29]} Nb6 {[%emt 0:04:30]} 23. Bd3 {[%emt 0:00:47]} Qe7 {[%emt 0:05:58]} 24. Nd2 {[%emt 0:07:05]} Rec8 {[%emt 0:11:22]} 25. Rec1 {[%emt 0:00:09]} Nfd7 {[%emt 0:05:48]} 26. Rc2 {[%emt 0:11:05]} Na4 {[%emt 0:14:02]} 27. Rac1 {[%emt 0:00:05]} Ndb6 {[%emt 0:00:37]} 28. Ngf1 {[%emt 0:00:09]} Rc7 {[%emt 0:03:44]} 29. Ne3 {[%emt 0:00:33]} Bc8 {[%emt 0:01:29]} 30. c4 {[%emt 0:03:31]} bxc4 {[%emt 0:01:11]} 31. Ndxc4 {[%emt 0:02:23]} Nxc4 {[%emt 0:00:08]} 32. Nxc4 {[%emt 0:04:55]} Bd7 {[%emt 0:02:02]} 33. Na5 {[%emt 0:03:16]} Rxc2 {[%emt 0:00:06]} 34. Rxc2 {[%emt 0:00:03]} Qf8 {[%emt 0:03:05]} 35. Qc1 {[%emt 0:02:06]} Qb8 {[%emt 0:00:30]} 36. Nc6 {[%emt 0:00:34]} Bxc6 {[%emt 0:02:26]} 37. dxc6 {[%emt 0:00:06]} Nb6 {[%emt 0:00:50]} 38. c7 {[%emt 0:04:24]} Qb7 {[%emt 0:00:16]} 39. Qg5 {[%emt 0:02:59]} Kg7 {[%emt 0:00:43]} 40. Qd8 {[%emt 0:00:00]} Nc8 {[%emt 0:00:00]} 41. Kh2 {[%emt 0:05:16]} a5 {[%emt 0:03:48]} 42. bxa5 {[%emt 0:07:21]} Qb3 {[%emt 0:03:41]} 43. Rd2 {[%emt 0:02:57]} Qc3 {[%emt 0:01:16]} 44. Rd1 {[%emt 0:00:07]} Qxa5 {[%emt 0:05:30]} 45. Be2 {[%emt 0:07:35]} h5 {[%emt 0:05:43]} 46. Bc4 {[%emt 0:05:50]} Qa4 {[%emt 0:10:12]} 47. Bd5 {[%emt 0:00:14]} Qxd1 {[%emt 0:01:09]} 48. Qd7 {[%emt 0:00:11]} Ne7 {[%emt 0:03:05]} 49. Qxe7 {[%emt 0:00:14]} Rc8 {[%emt 0:00:09]} 50. Qxf7+ {[%emt 0:00:25]} Kh6 {[%emt 0:00:33]} 51. Be6 {[%emt 0:00:32]} 1-0

[Event "Belarus-ch Men 2022"]
[Site "Minsk"]
[Date "2022.01.13"]
[Round "4.2"]
[White "Stupak, Kirill"]
[Black "Lazavik, Denis"]
[Result "1/2-1/2"]
[WhiteElo "2478"]
[BlackElo "2465"]
[Annotator "TA"]
[PlyCount "53"]
[EventDate "2022.01.09"]
[EventType "tourn"]
[EventCountry "BLR"]
[SourceTitle "playchess.com"]
[Source "ChessBase"]
[SourceQuality "1"]

{[%evp 12,53,17,7,4,20,14,7,12,12,23,17,13,18,9,11,8,0,22,18,47,0,0,0,0,0,0,0,0,0,0,2,3,2,5,0,0,0,0,0,0,0,0,0]} 1. d4 Nf6 2. c4 e6 3. Nc3 Bb4 4. Qc2 O-O 5. a3 Bxc3+ 6. Qxc3 d5 7. Bg5 dxc4 {E36: Nimzo-Indian: Classical: 4...d5 5 a3.} 8. Qxc4 b6 9. Rd1 {[%cal Oe2e4]} Ba6 10. Qa4 h6 11. Bh4 Qe7 $1 {11...Qe7 is better than 11...Qd7.} 12. Nf3 Rd8 13. e3 Bxf1 14. Kxf1 {[#]} Nbd7 $146 ({Predecessor:} 14... c5 15. Ke2 Nbd7 16. Ne5 Qe8 17. Nxd7 Rxd7 18. Bxf6 gxf6 19. Rd3 cxd4 20. Rxd4 Rxd4 21. Qxe8+ Rxe8 22. exd4 {½-½ (49) Neuman,P (2420)-Pulpan,J (2401) Litomysl 2017}) 15. Qc6 {[%cal Og2g4]} Rac8 16. Ke2 (16. g4 $14) 16... Nb8 {The position is equal.} 17. Qa4 c5 18. dxc5 Qxc5 19. Rxd8+ Rxd8 20. Bxf6 gxf6 21. Rd1 Rxd1 22. Kxd1 Nc6 23. Qc2 Qd5+ 24. Qd2 Qb3+ 25. Qc2 Qd5+ 26. Qd2 Qb3+ 27. Qc2 {A balanced but interesting game.  Weighted Error Value: White=0.03 (flawless) /Black=0.03 (flawless)} 1/2-1/2

[Event "Belarus-ch Men 2022"]
[Site "Minsk"]
[Date "2022.01.13"]
[Round "4.3"]
[White "Zarubitski, Viachaslau"]
[Black "Fedorov, Alexei"]
[Result "0-1"]
[WhiteElo "2413"]
[BlackElo "2552"]
[Annotator "TA"]
[PlyCount "98"]
[EventDate "2022.01.09"]
[EventType "tourn"]
[EventCountry "BLR"]
[SourceTitle "playchess.com"]
[Source "ChessBase"]
[SourceQuality "1"]

{[%evp 16,98,20,17,54,0,0,0,1,0,0,0,0,0,0,0,0,0,0,0,35,32,16,26,26,31,22,0,0,-8,0,-8,-23,-36,0,0,20,0,187,178,126,26,106,133,179,144,132,91,81,0,0,-127,0,0,0,0,0,-16,0,-5173,-5173,-5165,-445,-445,-439,-796,-709,-793,-779,-762,-693,-835,-835,-827,-779,-29972,-29973,-29980,-29981,-29983,-29984,-29987,-29988,-29988,-29989]} 1. e4 c5 2. Nf3 Nc6 3. Bb5 e6 4. O-O Nge7 5. c3 a6 6. Ba4 b5 7. Bc2 Bb7 8. Re1 Rc8 9. a4 Ng6 {B30: Sicilian: 2...Nc6 3 Bb5, lines without ...g6.} 10. Na3 (10. d4 $14) 10... b4 $11 11. Nc4 Na5 {The position is equal.} 12. Nxa5 Qxa5 13. cxb4 cxb4 14. d4 {[#]} Bd6 $146 ({Predecessor:} 14... Be7 15. Be3 O-O 16. Bd3 f5 17. exf5 Rxf5 18. Bxf5 Qxf5 19. Rc1 Rf8 20. Rc7 Qd5 {½-½ (30) Fabri,L (2392)-Toman,A (2304) ICCF email 2020}) 15. Bd3 O-O 16. Be3 f5 17. exf5 Ne7 18. fxe6 Bxf3 19. gxf3 dxe6 20. Rc1 $1 Rcd8 21. Be4 Qh5 22. Kf1 Nf5 (22... Bxh2 23. Ke2 $16) (22... Qxh2 23. Qb3 Kh8 24. Qxe6 $16) 23. Qb3 Kh8 24. Rc6 Qxh2 25. Rxa6 Bf4 26. Bxf5 Bxe3 $2 (26... Rxf5 $11 27. Rxe6 Qh3+ 28. Ke2 Bd6) 27. Rxe3 $18 exf5 ({Black should try} 27... Qh1+ $18 28. Ke2 exf5) 28. Rae6 (28. d5 $1 $16) 28... h6 ({Much less strong is} 28... Rxd4 29. Re8 Rd8 30. Rxf8+ Rxf8 31. Qf7 $1 $16) (28... Qh1+ $1 $11 {remains equal.} 29. Ke2 Qb1) 29. d5 $16 Kh7 (29... Qh1+ $16 30. Ke2 Qb1) 30. Ke2 Qf4 31. Qd3 (31. Rd3 $142) 31... h5 32. R3e5 (32. Kf1 $16) 32... Rc8 {And now ...Qc1 would win.} 33. Re3 {[#]} (33. Kf1 $11) 33... Rc1 ({Better is} 33... h4 $1 $17 {[%cal Rh4h3] ...h3 is the strong threat.} 34. d6 b3) 34. Rc6 $11 Rxc6 35. dxc6 {[%mdl 4096] Endgame KQR-KQR} h4 {Strongly threatening ...h3.} 36. Qd7 h3 {aiming for ...h2.} 37. Re8 $2 {[%mdl 8192] [#]} (37. Re7 $11 Qc4+ 38. Kd2 Qf4+ 39. Ke2 Qc4+ 40. Kd2 Qf4+ 41. Ke2) 37... h2 $1 $19 {[%mdl 512]} 38. Rxf8 h1=Q (38... Qe5+ $142 39. Kd2 Qxb2+ 40. Ke3 Qe5+ 41. Kd2 h1=Q 42. Qxf5+ Qxf5 43. Rxf5 Qh6+ 44. f4 Qxc6 45. Rh5+ Kg6) 39. Qd5 Qhh6 ({Not} 39... Qb1 40. Qg8+ Kh6 41. Qe6+ Kh7 42. Qg8+ Kh6 43. Qe6+ Kh7 44. Qg8+ $11) 40. Qg8+ (40. Rxf5 $142 Qfd6 41. Qxd6 Qxd6 42. Rb5) 40... Kg6 41. Qf7+ Kg5 42. Qd5 {[#] To avoid Qe5+} g6 $1 43. Rg8 Kh5 44. b3 Qc1 {( -> ...Qb2+)} 45. f4 Qb2+ {Black mates.} 46. Kf1 Qa1+ 47. Ke2 Qxf4 48. Rh8+ Qxh8 49. Qh1+ Qh4 {Quite a comeback for Black.  Weighted Error Value: White=0.69/Black=0.41} 0-1

[Event "Belarus-ch Men 2022"]
[Site "Minsk"]
[Date "2022.01.13"]
[Round "4.4"]
[White "Aleksandrov, Aleksej"]
[Black "Siniauski, Artsiom"]
[Result "1-0"]
[WhiteElo "2502"]
[BlackElo "2301"]
[Annotator "TA"]
[PlyCount "63"]
[EventDate "2022.01.09"]
[EventType "tourn"]
[EventCountry "BLR"]
[SourceTitle "playchess.com"]
[Source "ChessBase"]
[SourceQuality "1"]

{[%evp 11,63,13,2,11,12,12,22,-3,-1,-12,-6,-27,21,13,24,28,21,14,75,62,77,40,47,18,19,7,20,15,402,399,401,407,414,402,399,408,397,414,502,502,569,550,577,551,546,493,513,476,570,556,642,607,680,677]} 1. c4 e5 2. g3 Nf6 3. Bg2 d5 4. cxd5 Nxd5 5. Nf3 Nc6 6. O-O Nb6 7. b3 {A20: English Opening: 1...e5.} Be7 {7...Be6 is more advanced technology.} 8. Bb2 f6 9. Na3 {The position is equal.} O-O 10. Nc2 Be6 11. e4 {[#]} Bg4 $146 (11... Qd3 {should be considered.}) ({Predecessor:} 11... Qd3 12. Re1 Rad8 13. Bf1 Qd7 14. d4 exd4 15. Ncxd4 Bg4 16. Qc2 Nxd4 17. Nxd4 Rfe8 {1-0 (53) Caruana,F (2812)-Sevian,S (2654) Douglas 2019}) 12. d4 $11 exd4 13. Ncxd4 Nxd4 14. Qxd4 c5 (14... Qxd4 $11 {keeps the balance.} 15. Nxd4 Rad8) 15. Qc3 Qc7 16. a4 {[%cal Ba2a4,Ba4a5][%mdl 32]} Rad8 17. Rfc1 {[%cal Of3d4]} Nd7 18. b4 {[%cal Of3d4]} Qb6 19. b5 Bd6 $2 {[%mdl 8192] [#] This move loses the game for Black.} (19... Kh8 $11 {and Black stays safe.}) 20. Qc4+ $1 $18 Kh8 21. a5 Qc7 22. e5 $1 Nxe5 23. Bxe5 Bxe5 24. Nxe5 ({Weaker is} 24. Qxg4 Bxa1 25. Rxa1 b6 $16) 24... Qxe5 25. Qxg4 {White is clearly winning.} b6 26. Re1 Qc3 27. axb6 axb6 28. Rac1 Qb2 29. Rb1 Qc3 30. Qe6 Qa5 31. Bc6 f5 32. Rbd1 {Prevents Qd2.  Weighted Error Value: White=0.11 (very precise) /Black=0.54} 1-0

[Event "Belarus-ch Men 2022"]
[Site "Minsk"]
[Date "2022.01.13"]
[Round "4.5"]
[White "Stribuk, Artiom"]
[Black "Lutsko, Igor"]
[Result "0-1"]
[WhiteElo "2210"]
[BlackElo "2305"]
[Annotator "ChessBase"]
[PlyCount "126"]
[EventDate "2022.01.09"]
[EventType "tourn"]
[EventCountry "BLR"]
[SourceTitle "playchess.com"]
[Source "ChessBase"]
[SourceQuality "1"]
[TimeControl "40/5400+30:1800+30"]

1. d4 {[%emt 0:00:01]} e6 {[%emt 0:00:16]} 2. c4 {[%emt 0:00:11]} f5 {[%emt 0:00:36]} 3. g3 {[%emt 0:00:49]} Nf6 {[%emt 0:00:13]} 4. Bg2 {[%emt 0:00:07]} d5 {[%emt 0:01:27]} 5. Nf3 {[%emt 0:00:22]} c6 {[%emt 0:01:54]} 6. O-O {[%emt 0:00:09]} Bd6 {[%emt 0:00:08]} 7. Nc3 {[%emt 0:00:14]} O-O {[%emt 0:00:07]} 8. Qc2 {[%emt 0:00:04]} Bd7 {[%emt 0:10:21]} 9. Rb1 {[%emt 0:01:45]} Be8 {[%emt 0:03:37]} 10. b4 {[%emt 0:00:47]} f4 {[%emt 0:04:01]} 11. Qb3 {[%emt 0:11:45]} fxg3 {[%emt 0:12:06]} 12. hxg3 {[%emt 0:01:52]} Bg6 {[%emt 0:00:00]} 13. Rb2 {[%emt 0:00:00]} Nbd7 {[%emt 0:09:16]} 14. Ng5 {[%emt 0:06:11]} Qe7 {[%emt 0:20:10]} 15. Bh3 {[%emt 0:22:15]} Bf5 {[%emt 0:15:04]} 16. Bxf5 {[%emt 0:00:37]} exf5 {[%emt 0:00:01]} 17. cxd5 {[%emt 0:00:16]} Kh8 {[%emt 0:00:04]} 18. a3 {[%emt 0:17:43]} a5 {[%emt 0:10:19]} 19. dxc6 {[%emt 0:04:38]} axb4 {[%emt 0:04:19]} 20. axb4 {[%emt 0:06:46]} bxc6 {[%emt 0:00:04]} 21. b5 {[%emt 0:01:26]} c5 {[%emt 0:01:07]} 22. Nd5 {[%emt 0:03:57]} Nxd5 {[%emt 0:02:06]} 23. Qxd5 {[%emt 0:00:02]} cxd4 {[%emt 0:00:26]} 24. b6 {[%emt 0:07:37]} Rab8 {[%emt 0:01:06]} 25. b7 {[%emt 0:03:35]} Nc5 {[%emt 0:00:47]} 26. Bf4 {[%emt 0:01:25]} Bxf4 {[%emt 0:00:33]} 27. gxf4 {[%emt 0:00:01]} Na4 {[%emt 0:00:08]} 28. Rb3 {[%emt 0:04:45]} Nc3 {[%emt 0:00:12]} 29. Qf3 {[%emt 0:01:26]} h6 {[%emt 0:00:46]} 30. Nh3 {[%emt 0:01:00]} Nxe2+ {[%emt 0:00:44]} 31. Kg2 {[%emt 0:01:07]} Nc3 {[%emt 0:00:07]} 32. Ra1 {[%emt 0:00:37]} Ne4 {[%emt 0:00:24]} 33. Rd1 {[%emt 0:00:51]} Rfd8 {[%emt 0:00:41]} 34. Rbd3 {[%emt 0:00:46]} Qc5 {[%emt 0:00:33]} 35. Rb1 {[%emt 0:01:04]} Rd7 {[%emt 0:00:38]} 36. Qh5 {[%emt 0:01:28]} Qd5 {[%emt 0:00:49]} 37. Kh2 {[%emt 0:00:29]} Nf6 {[%emt 0:00:32]} 38. Qg6 {[%emt 0:00:26]} Ng4+ {[%emt 0:00:49]} 39. Kg3 {[%emt 0:00:00]} Rd6 {[%emt 0:00:00]} 40. Qh5 {[%emt 0:00:00]} Nf6 {[%emt 0:00:00]} 41. Qf3 {[%emt 0:05:11]} Ne4+ {[%emt 0:01:55]} 42. Kh2 {[%emt 0:00:46]} Rd7 {[%emt 0:04:13]} 43. Rbd1 {[%emt 0:14:19]} Qc5 {[%emt 0:02:37]} 44. Qh5 {[%emt 0:00:45]} Nf6 {[%emt 0:03:19]} 45. Qf3 {[%emt 0:00:59]} Kg8 {[%emt 0:03:19]} 46. Kg2 {[%emt 0:03:28]} Ne4 {[%emt 0:01:44]} 47. Qh5 {[%emt 0:01:40]} Rbxb7 {[%emt 0:01:38]} 48. Qe8+ {[%emt 0:00:43]} Kh7 {[%emt 0:00:23]} 49. Re1 {[%emt 0:04:39]} Re7 {[%emt 0:02:43]} 50. Qf8 {[%emt 0:00:44]} Qd5 {[%emt 0:02:05]} 51. f3 {[%emt 0:02:13]} Qa2+ {[%emt 0:08:17]} 52. Kg1 {[%emt 0:00:13]} Rf7 {[%emt 0:00:32]} 53. Qd8 {[%emt 0:01:34]} Rb1 {[%emt 0:02:00]} 54. Rdd1 {[%emt 0:00:24]} Rxd1 55. Rxd1 {[%emt 0:00:01]} Qe2 {[%emt 0:02:13]} 56. Rf1 {[%emt 0:00:35]} Nd2 {[%emt 0:00:36]} 57. Rf2 {[%emt 0:00:08]} Nxf3+ {[%emt 0:00:17]} 58. Kg2 {[%emt 0:00:09]} Ne1+ {[%emt 0:01:09]} 59. Kh2 {[%emt 0:00:05]} Qe4 {[%emt 0:00:50]} 60. Kg3 {[%emt 0:02:45]} Qe3+ {[%emt 0:01:24]} 61. Kh2 {[%emt 0:00:13]} Rf6 {[%emt 0:00:23]} 62. Qd5 {[%emt 0:00:37]} d3 {[%emt 0:01:07]} 63. Qh1 {[%emt 0:00:41]} Rg6 {[%emt 0:00:23]} 0-1

[Event "Belarus-ch Men 2022"]
[Site "Minsk"]
[Date "2022.01.13"]
[Round "4.6"]
[White "Volianuk, Vitaly"]
[Black "Nikitenko, Mihail"]
[Result "0-1"]
[WhiteElo "2267"]
[BlackElo "2506"]
[Annotator "TA"]
[PlyCount "102"]
[EventDate "2022.01.09"]
[EventType "tourn"]
[EventCountry "BLR"]
[SourceTitle "playchess.com"]
[Source "ChessBase"]
[SourceQuality "1"]

{[%evp 18,102,23,4,24,32,38,11,35,24,47,45,38,1,12,14,52,26,61,18,70,72,73,77,62,48,86,-295,-294,-294,-293,-280,-287,-606,-601,-601,-585,-1254,-1250,-1223,-1177,-1250,-1249,-1233,-1229,-1110,-781,-788,-788,-787,-783,-783,-775,-787,-779,-823,-810,-810,-795,-950,-937,-1024,-1005,-996,-990,-945,-952,-927,-926,-926,-849,-842,-827,-1193,-1186,-997,-954,-1249,-1249,-29965,-29966,-29963,-29965,-29974,-29974,-29958,-6203]} 1. e4 e5 2. Nf3 Nc6 3. Bb5 a6 4. Ba4 Nf6 5. d3 b5 6. Bb3 Be7 7. a4 b4 8. O-O d6 9. h3 {9.Nbd2 is the modern continuation.} O-O 10. Re1 Bd7 {C88: Closed Ruy Lopez: Anti-Marshall Systems.} 11. c3 {[#]} Rb8 $146 ({Predecessor:} 11... bxc3 12. bxc3 Na5 13. Bc2 c5 14. Nbd2 Rb8 15. Qe2 Be6 16. d4 cxd4 17. cxd4 Qc7 18. Bd3 {1-0 (36) Gladkov,K-Karabakhtsian,A (2039) Belorechensk 2009}) 12. a5 bxc3 {The position is equal.} 13. bxc3 Rb5 14. Na3 Rxa5 15. c4 {To avoid d5} (15. Bd2 $5 {[%cal Rc3c4]}) 15... Nb4 16. Rb1 {[%cal Oc1d2]} Qa8 17. Nc2 c5 18. Bd2 (18. Nxb4 $14 {is superior.} cxb4 19. Bd2) 18... Rb8 (18... Nxc2 $1 $11 19. Qxc2 Bd8) 19. Nxb4 $14 cxb4 20. Bc2 Rc5 {[%cal Ba5c5,Bc5c7,Bc7b7][%mdl 32]} 21. Bxb4 Rc7 22. Ba4 $2 {[%mdl 8192] [#] Now White is beyond hope.} (22. c5 $16 {stays on course.}) 22... Rcb7 $1 $19 23. Bxd7 Nxd7 24. Qa4 {[%cal Ob1c1] [#]} Nc5 $1 25. Qa3 (25. Bxc5 Rxb1 26. Be3) 25... a5 {[%cal Rb7b4]} 26. Bxc5 Rxb1 27. Bxd6 Rxe1+ 28. Nxe1 Bxd6 29. Qxd6 {[%mdl 4096] Endgame KQR-KQN} Rb1 30. Kf1 a4 {...a3 is the strong threat.} 31. Ke2 Rb2+ 32. Ke3 a3 33. Qxe5 {[#]} a2 $1 {[%mdl 512]} 34. Qxb2 a1=Q 35. Qxa1 Qxa1 36. Ke2 Kf8 37. Nf3 Ke7 38. h4 Kd6 39. Nd2 Qb2 {Strongly threatening ...Kc5.} 40. Ke3 Kc5 41. Nf3 Qc1+ 42. Ke2 Kb4 43. Nd4 Qb2+ 44. Ke3 Qa2 {( -> ...Qa7)} 45. Nb5 {To avoid Qa7+} Qa1 {Threatens to win with ...Qe1+.} 46. Ke2 {To avoid Qe1+} Kb3 {White must now prevent ...Kc2.} 47. Ke3 Qe1+ 48. Kd4 Qxf2+ {Black mates.} 49. Kd5 Qxh4 50. d4 Qg5+ 51. e5 Kb4 {Weighted Error Value: White=0.75/Black=0.19 (very precise)} (51... Qxg2+ $142 52. Kc5 h5 53. d5 Qf2+ 54. Kc6 h4 55. e6 fxe6 56. Nd6 h3 57. Ne4 Qg2 58. Nc5+ Kxc4 59. Nd7 Qxd5+ 60. Kc7 Kb5 61. Ne5 Qxe5+ 62. Kd8 h2 63. Ke7 h1=Q 64. Kf8 Qf6+ 65. Kg8 Qa8+ 66. Kh7 Qh6#) 0-1

[Event "Belarus-ch Men 2022"]
[Site "Minsk"]
[Date "2022.01.13"]
[Round "5.1"]
[White "Nikitenko, Mihail"]
[Black "Tsaruk, Maksim"]
[Result "0-1"]
[WhiteElo "2506"]
[BlackElo "2343"]
[Annotator "TA"]
[PlyCount "102"]
[EventDate "2022.01.09"]
[EventType "tourn"]
[EventCountry "BLR"]
[SourceTitle "playchess.com"]
[Source "ChessBase"]
[SourceQuality "1"]

{[%evp 28,102,-11,-18,-17,-28,-31,-73,-43,-52,-40,-56,-38,-47,-46,-19,-21,-20,-6,-18,-14,-14,-14,-30,0,-50,-37,-119,-116,-124,-118,-131,-131,-122,-70,-292,-260,-380,-358,-353,-358,-371,-224,-220,-222,-222,-222,-334,-341,-345,-325,-326,-327,-308,-301,-477,-461,-476,-484,-467,-424,-584,-584,-584,-584,-566,-558,-596,-589,-764,-751,-1523,-1443,-1563,-1497,-29996,-29997]} 1. e4 e5 2. Nf3 Nc6 3. Bb5 {[%cal Bf1b5,Bb5a4,Ba4b3][%mdl 32]} a6 4. Ba4 Nf6 5. O-O b5 6. Bb3 Be7 7. Re1 O-O 8. h3 d6 9. c3 Bb7 10. d3 Re8 11. Nbd2 {[%cal Bb1d2,Bd2f1,Bf1g3,Bg3f5][%mdl 32]} h6 12. Nf1 Bf8 13. a4 Na5 14. Bc2 c5 15. Ng3 d5 {C90: Closed Ruy Lopez with 7...d6: Early deviations.} 16. Qe2 b4 {[%cal Bb5b4,Bb4b3][%mdl 32] [#]} 17. Nh2 $146 (17. Nd2 $15 {is more appropriate.}) ({Predecessor:} 17. Nd2 Rc8 18. Rd1 Qb6 19. cxb4 cxb4 20. Bb3 dxe4 21. dxe4 Red8 22. Qf3 Rd7 23. Re1 Rxc1 24. Raxc1 Rxd2 25. Rc2 Nxb3 {0-1 (25) Lawson,A (2150)-Hebden,M (2454) Blackpool 2018}) 17... b3 {Black is better.} 18. Bb1 dxe4 19. dxe4 c4 {Prevents Bd3.} 20. Nf5 $1 Qb6 21. Qf3 Qe6 $36 {[%mdl 2048] Black has the initiative.} 22. Qg3 Kh8 23. Qh4 Bc6 24. Bg5 {[%cal Rf5h6]} Nh7 25. Be3 Nb7 26. a5 ({White should try} 26. f4 $11) 26... Rad8 27. Nf3 (27. f4 $15) 27... Nc5 $1 $17 28. Kh2 {[#]} Qf6 $1 29. Qg4 Bd7 {Hoping for ...g6.} 30. Qg3 Rc8 (30... Bxf5 $17 31. exf5 e4) 31. N3h4 $2 {[#] This costs White the game.} (31. Kg1 $15) 31... g6 $1 $19 32. Bxc5 (32. Nxh6 {is a better defense.} Bxh6 33. Bxh6) 32... Bxc5 ({Weaker is} 32... Rxc5 33. Ne3 $17) 33. Ne3 Bxe3 34. Rxe3 Qg5 35. Nf3 Qxg3+ 36. Kxg3 Ng5 37. Nxe5 (37. Re2 $142) 37... Rxe5 38. f4 Rec5 {Strongly threatening ...Ne6.} 39. fxg5 Rxg5+ 40. Kf2 Bc6 41. g4 (41. g3 $142) 41... Re5 42. Re2 Rd8 {Prevents Rd2.} 43. Ke3 Kg7 44. Rd2 Rxd2 45. Kxd2 {[%mdl 4096] Endgame KRB-KRB} h5 46. Ke3 f6 47. gxh5 g5 48. Kf2 Kh6 49. Kg3 Kxh5 50. Ra3 f5 51. exf5 Re2 {Weighted Error Value: White=0.76/Black=0.07 (flawless)} 0-1